000 00551nam a22002297a 4500
003 UA-OsUOA
001 49780
007 ta
008 20071011b un ||||| |||| 00| 0 ukr d
100 _aБурляй Ю.
090 _a82.09
_bБ91
942 _cBK
040 _aUA-OsUOA
_bukr
_cUA-OsUOA
_dUA-OsUOA
245 _aЖиття і слово
300 _a307 с.
955 _a1
041 _aukr
080 _a82.09
260 _aК.
_c1982
650 7 _a82 Література. Літературознавство
_2UDC
999 _c335887
_d335887